Стихи на кончину его сиятельства графа Федора Григорьевича Орлова, последовавшую 1796 года маия 17 дня (Запись № 9708072)

Подробности
000 -МАРКЕР
контрольное поле 01405nam0a22003851 4500
001 - ИДЕНТИФИКАТОР ЗАПИСИ
контрольное поле RU\NLR\A1\32623
005 - ИДЕНТИФИКАТОР ВЕРСИИ
контрольное поле 20251203152403.2
035 ## - ДРУГИЕ СИСТЕМНЫЕ НОМЕРА
Идентификатор записи (NLR Aleph) 009682768
100 ## - ДАННЫЕ ОБЩЕЙ ОБРАБОТКИ
Данные общей обработки 19990521d1796 u y0rusy50 ca
101 0# - ЯЗЫК РЕСУРСА
Язык текста, звукозаписи и т.д. русский
102 ## - СТРАНА ПУБЛИКАЦИИ ИЛИ ПРОИЗВОДСТВА
Страна публикации Российская Федерация
200 1# - ЗАГЛАВИЕ И СВЕДЕНИЯ ОБ ОТВЕТСТВЕННОСТИ
Основное заглавие Стихи на кончину его сиятельства графа Федора Григорьевича Орлова, последовавшую 1796 года маия 17 дня
210 ## - ПУБЛИКАЦИЯ, РАСПРОСТРАНЕНИЕ И ДР.
Место издания, распространения и т.д. [М.
Имя издателя, распространителя и т. д. Унив. тип., у Ридегера и Клаудия
Дата издания, распространения и т.д. 1796]
215 ## - ФИЗИЧЕСКАЯ ХАРАКТЕРИСТИКА
Специфическое обозначение материала и объем [2] с.
Размеры
303 ## - ОБЩИЕ ПРИМЕЧАНИЯ, ОТНОСЯЩИЕСЯ К ОПИСАТЕЛЬНОЙ ИНФОРМАЦИИ
Текст примечания Без тит. л.
304 ## - ПРИМЕЧАНИЯ, ОТНОСЯЩИЕСЯ К ЗАГЛАВИЮ И СВЕДЕНИЯМ ОБ ОТВЕТСТВЕННОСТИ
Текст примечания В конце текста инициалы: М.Х.
321 1# - ПРИМЕЧАНИЯ ОБ ОТДЕЛЬНО ИЗДАННЫХ УКАЗАТЕЛЯХ / РЕФЕРАТАХ / ССЫЛКАХ, ОТРАЖАЮЩИХ КАТАЛОГИЗИРУЕМЫЙ ДОКУМЕНТ
Примечания об указателях, рефератах, ссылках СК XVIII 8026
600 #1 - ИМЯ ЛИЦА КАК ПРЕДМЕТ
Начальный элемент ввода Орлов
Часть имени, кроме начального элемента ввода Ф.Г.
Даты 1741-1796
Расширение инициалов личного имени Федор Григорьевич
620 ## - МЕСТО И ДАТА ПУБЛИКАЦИИ, ИСПОЛНЕНИЯ И Т. Д.
Город Москва
700 #1 - ИМЯ ЛИЦА - ПЕРВИЧНАЯ ОТВЕТСТВЕННОСТЬ
Начальный элемент ввода Херасков
Часть имени, кроме начального элемента ввода М.М.
Даты 1733-1807
Расширение инициалов личного имени Михаил Матвеевич
Код отношения Автор
702 #1 - ИМЯ ЛИЦА - ВТОРИЧНАЯ ОТВЕТСТВЕННОСТЬ
Начальный элемент ввода Ридигер
Часть имени, кроме начального элемента ввода Х.
Расширение инициалов личного имени Христиан
Код отношения Печатник (типограф)
702 #1 - ИМЯ ЛИЦА - ВТОРИЧНАЯ ОТВЕТСТВЕННОСТЬ
Начальный элемент ввода Клаудий
Часть имени, кроме начального элемента ввода Х.А.
Даты -1805
Расширение инициалов личного имени Христофор Александрович
Код отношения Печатник (типограф)
712 02 - НАИМЕНОВАНИЕ ОРГАНИЗАЦИИ - ВТОРИЧНАЯ ОТВЕТСТВЕННОСТЬ
Начальный элемент ввода Московский университет
Структурное подразделение Типография
Код отношения Печатник (типограф)
801 #0 - ИСТОЧНИК ЗАПИСИ
Страна Российская Федерация
Организация NLR
Дата составления 19990521
899 ## - ДАННЫЕ О МЕСТОНАХОЖДЕНИИ (устаревшее)
Местонахождение РГБ
899 ## - ДАННЫЕ О МЕСТОНАХОЖДЕНИИ (устаревшее)
Местонахождение БАН
899 ## - ДАННЫЕ О МЕСТОНАХОЖДЕНИИ (устаревшее)
Местонахождение ГПИБ
899 ## - ДАННЫЕ О МЕСТОНАХОЖДЕНИИ (устаревшее)
Местонахождение РГБ
899 ## - ДАННЫЕ О МЕСТОНАХОЖДЕНИИ (устаревшее)
Местонахождение БАН
899 ## - ДАННЫЕ О МЕСТОНАХОЖДЕНИИ (устаревшее)
Местонахождение ГПИБ
942 ## - ДОПОЛНИТЕЛЬНЫЕ ЭЛЕМЕНТЫ ЗАПИСИ (АБИС)
Тип экземпляра АБИС Книга
980 ## - КОЛЛЕКЦИЯ
Название коллекции Национальная библиография
980 ## - КОЛЛЕКЦИЯ
Название коллекции Русская книга гражданской печати XVIII в. в библиотеках РФ

Нет доступных экземпляров.